000 00289nam a2200097Ia 4500
008 180205s9999 xx 000 0 und d
100 _aEden, Karen
245 _cYates, Keith
_aThe complete idiot's guide to tae kwon do /
260 _aPhilippines
_bAlpha books
_c1998
300 _aix, 298 pages
999 _c354713
_d354713